| 000 | 01302nam2a22002891 4500 | ||
|---|---|---|---|
| 001 | RU\NLR\A1SV\156435 | ||
| 005 | 20251203152403.2 | ||
| 035 | _a(NLR Aleph) 012520853 | ||
| 090 |
_a13494369 _c13494369 |
||
| 100 | _a20210427d1922 u y0rusy50 ca | ||
| 101 | 0 | _arus | |
| 200 | 1 |
_aГрафика В.Вильковиской, А.Платуновой, Д.Федорова, С.Федотова и К.Чеботарева _fГраф. коллектив Казан. художеств. мастерских |
|
| 210 | _d1922 | ||
| 215 |
_a[4] с., 15 л. ил. _cил. |
||
| 300 | _a50 нумер. экз. | ||
| 461 | 1 |
_1001RU\NLR\A1SV\156432 _12000#$v№ 3 _912323392 _cКазань _d1920-1922 _nГраф. коллектив при Исполкоме учащихся Казан. гос. художеств. мастерских _oГраф. альм. _tВсадник _v№ 3 |
|
| 702 | 1 |
_aВильковиская _bВ. |
|
| 702 | 1 |
_aПлатунова _bА. Г. _f1896-1966 _gАлександра Георгиевна |
|
| 702 | 1 |
_aФедоров _bД. |
|
| 702 | 1 |
_aФедотов _bС. |
|
| 702 | 1 |
_aЧеботарев _bК. К. _f1892-1974 _gКонстантин Константинович |
|
| 801 | 0 |
_aRU _bNLR _c20210427 |
|
| 899 | _aРГБ | ||
| 942 | _cBOOK | ||
| 980 | _aA1SV | ||
| 980 | _aNB | ||